000 00604nam a2200181Ia 4500
008 151018s9999 xx 000 0 und d
082 _bRBASDV39907
_a500
100 _aसुमती कुकडे
245 _aआपले शरीर अदभूत कोडे
250 _b2
260 _bमधुराज
_c2004
300 _a32
600 _aसुमती कुकडे
630 _aआपले शरीर अदभूत कोडे
700 _aसुमती कुकडे
730 _aआपले शरीर अदभूत कोडे
942 _cBOOK
999 _c1039190
_d1039187